Geography Quiz

Random Geography or War Quiz

Worst Countries To Live In? Quiz Stats

 Plays Quiz Updated Nov 2, 2018

Challenge
Share
Tweet
Embed
Score 0/100 Timer 05:00
17 Plays Today
% Correct
Iraq
84.2%
Iraq
84.2%
Iran
83.2%
Niger
75.9%
Niger
75.9%
Niger
75.9%
Afghanistan
75.4%
Afghanistan
75.4%
Afghanistan
75.4%
Afghanistan
75.4%
South Africa
74.7%
Syria
73.9%
Syria
73.9%
DR Congo
73.6%
Sudan
73%
Sudan
73%
Somalia
71.7%
Somalia
71.7%
Somalia
71.7%
Somalia
71.7%
North Korea
71%
Saudi Arabia
70%
Saudi Arabia
70%
North Korea
69.9%
South Sudan
69.4%
South Sudan
69.4%
South Sudan
69.4%
Pakistan
68.8%
DR Congo
67.5%
Chad
66.4%
Chad
66.4%
Chad
66.4%
Chad
66.4%
Chad
66.4%
% Correct
Yemen
65.9%
Yemen
65.9%
Libya
65.4%
Libya
65.4%
Lebanon
64.9%
Uganda
64.1%
Syria
63.9%
Syria
63.9%
Central African Republic
63.1%
Zimbabwe
62.3%
Guinea
60.7%
Zambia
59.7%
Mali
58.2%
Mali
58.2%
Eritrea
58.2%
Yemen
57.7%
Uganda
57.2%
Mozambique
56.3%
Liberia
54.2%
Central African Republic
53.8%
Central African Republic
53.8%
Central African Republic
53.8%
Central African Republic
53.8%
Central African Republic
53.8%
Lesotho
53.2%
Lesotho
53.2%
Zambia
52%
Zambia
52%
Mozambique
49.8%
Mozambique
49.8%
Mozambique
49.8%
eSwatini
49.1%
eSwatini
49.1%
Eritrea
48.8%
% Correct
Liberia
48.3%
Botswana
48.2%
Benin
47.3%
Namibia
47.2%
Guinea-Bissau
46.4%
Gabon
45.7%
Côte d'Ivoire
45.2%
Côte d'Ivoire
45.2%
Côte d’Ivoire
44.8%
Guinea
44.5%
Guinea
44.5%
Sierra Leone
44.2%
Malawi
44.1%
Malawi
44.1%
Honduras
43.7%
Morocco
41.9%
Venezuela
41%
Burundi
40.4%
Burundi
40.4%
Guatemala
38.3%
El Salvador
38.3%
Burkina Faso
37.7%
Burkina Faso
37.7%
Guinea-Bissau
36.9%
Equatorial Guinea
32.7%
Uzbekistan
32.7%
Turkmenistan
32.7%
Tajikistan
32.2%
Jamaica
30.1%
Belize
28.2%
Ukraine
24.6%
St. Kitts & Nevis
8.6%

You're not logged in!

Compare scores with friends on all Sporcle quizzes.
OR
Log In

You Might Also Like...

Show Comments

Extras

Top Quizzes Today


Score Distribution

Your Account Isn't Verified!

In order to create a playlist on Sporcle, you need to verify the email address you used during registration. Go to your Sporcle Settings to finish the process.

Report this User

Report this user for behavior that violates our Community Guidelines.

Details: